Gregor and the code of claw / (Record no. 6266)
[ view plain ]
| 000 -LEADER | |
|---|---|
| fixed length control field | 01024nam a22002897a 4500 |
| 001 - CONTROL NUMBER | |
| control field | 6266 |
| 003 - CONTROL NUMBER IDENTIFIER | |
| control field | FISKH |
| 005 - DATE AND TIME OF LATEST TRANSACTION | |
| control field | 20250407150639.0 |
| 008 - FIXED-LENGTH DATA ELEMENTS--GENERAL INFORMATION | |
| fixed length control field | 250407b cb ||||| |||| 00| 0 eng d |
| 020 ## - INTERNATIONAL STANDARD BOOK NUMBER | |
| International Standard Book Number | 9781407137070 |
| 040 ## - CATALOGING SOURCE | |
| Original cataloging agency | FISKH |
| Language of cataloging | eng |
| Transcribing agency | FISKH |
| Modifying agency | FISKH |
| 050 ## - LIBRARY OF CONGRESS CALL NUMBER | |
| Classification number | PZ7.C6837 G |
| 082 ## - DEWEY DECIMAL CLASSIFICATION NUMBER | |
| Classification number | 813.6 |
| 100 ## - MAIN ENTRY--PERSONAL NAME | |
| Personal name | Collins, Suzanne |
| Dates associated with a name | (1962–) |
| 245 ## - TITLE STATEMENT | |
| Title | Gregor and the code of claw / |
| Statement of responsibility, etc. | The Underland chronicles 5 ; Suzanne Collins |
| 250 ## - EDITION STATEMENT | |
| Edition statement | This edition first published in 2007 |
| 260 ## - PUBLICATION, DISTRIBUTION, ETC. | |
| Place of publication, distribution, etc. | London : |
| Name of publisher, distributor, etc. | Scholastic, |
| Date of publication, distribution, etc. | 2007 |
| 300 ## - PHYSICAL DESCRIPTION | |
| Extent | 328 pages : |
| Dimensions | 20 cm |
| 505 ## - FORMATTED CONTENTS NOTE | |
| Formatted contents note | R<br/> |
| 520 ## - SUMMARY, ETC. | |
| Summary, etc. | When twelve-year-old Gregor finally learns the ancient prophecy, which foretells his death, he must gather his courage to defend Regalia from the army of rats, take his mother and sister home safely, and fight his own dark side.<br/> |
| 521 8# - TARGET AUDIENCE NOTE | |
| Target audience note | 730<br/> |
| Source | Lexile<br/> |
| 521 8# - TARGET AUDIENCE NOTE | |
| Target audience note | R<br/> |
| Source | Raz-Plus<br/> |
| 650 ## - SUBJECT ADDED ENTRY--TOPICAL TERM | |
| Source of heading or term | Underland Chronicles |
| Topical term or geographic name entry element | Middle grade |
| 650 ## - SUBJECT ADDED ENTRY--TOPICAL TERM | |
| Source of heading or term | Prophecy |
| Topical term or geographic name entry element | Fantasy |
| 942 ## - ADDED ENTRY ELEMENTS (KOHA) | |
| Source of classification or shelving scheme | Dewey Decimal Classification |
| Koha item type | Books |
| Suppress in OPAC | No |
| Withdrawn status | Lost status | Source of classification or shelving scheme | Damaged status | Not for loan | Collection | Home library | Current library | Shelving location | Date acquired | Total Checkouts | Full call number | Barcode | Date last seen | Copy number | Price effective from | Koha item type |
|---|---|---|---|---|---|---|---|---|---|---|---|---|---|---|---|---|
| Dewey Decimal Classification | Juvenile Fiction | Footprints International School Library Network Toul Tom Poung Campus | Footprints International School Library Network Toul Tom Poung Campus | TTP Primary Orange Bookshelves | 04/07/2025 | COL 813.6 PZ7.C6837 G | 2025-1001 | 04/07/2025 | 1 | 04/07/2025 | Books |
